5HLuxD.jpg

KING HENRY VIII SENIOR AND PRIMARY SCHOOL LIBRARY OPAC

The Silmarillion / (Record no. 170)

000 -LEADER
fixed length control field 04055cam a2200469 a 4500
001 - CONTROL NUMBER
control field 46321019
003 - CONTROL NUMBER IDENTIFIER
control field OCoLC
005 - DATE AND TIME OF LATEST TRANSACTION
control field 20190729141224.0
008 - FIXED-LENGTH DATA ELEMENTS--GENERAL INFORMATION
fixed length control field 010212s2001 mauab 001 1 eng
010 ## - LIBRARY OF CONGRESS CONTROL NUMBER
LC control number 2001016971
020 ## - INTERNATIONAL STANDARD BOOK NUMBER
International Standard Book Number 0618126988 (pbk.)
020 ## - INTERNATIONAL STANDARD BOOK NUMBER
International Standard Book Number 9780544338012 (pbk.)
035 ## - SYSTEM CONTROL NUMBER
System control number (OCoLC)46321019
040 ## - CATALOGING SOURCE
Original cataloging agency DLC
Language of cataloging eng
Transcribing agency DLC
Modifying agency VOC
-- IOJ
-- NYP
049 ## - LOCAL HOLDINGS (OCLC)
Holding library NYPP
082 00 - DEWEY DECIMAL CLASSIFICATION NUMBER
Classification number FIC TOL
Edition number 21
091 ## - MICROFILM SHELF LOCATION (AM) [OBSOLETE]
Microfilm shelf location SCI FI
100 1# - MAIN ENTRY--PERSONAL NAME
Personal name Tolkien, J. R. R.
Fuller form of name (John Ronald Reuel),
Dates associated with a name 1892-1973.
Relator term author
245 14 - TITLE STATEMENT
Title The Silmarillion /
Statement of responsibility, etc. J.R.R. Tolkien ; edited by Christopher Tolkien.
250 ## - EDITION STATEMENT
Edition statement 2nd ed.
260 ## - PUBLICATION, DISTRIBUTION, ETC.
Place of publication, distribution, etc. Boston :
Name of publisher, distributor, etc. Houghton Mifflin,
Date of publication, distribution, etc. 2001.
300 ## - PHYSICAL DESCRIPTION
Extent xxiv, 365 p. :
Other physical details ill., map ;
Dimensions 21 cm.
500 ## - GENERAL NOTE
General note Includes index.
505 0# - FORMATTED CONTENTS NOTE
Formatted contents note Foreword -- Preface to the second edition -- Ainulindale -- Valaquenta -- Quenta Silmarillion : Of the beginning of days ; Of Aule and Yavanna ; Of the coming of the elves and the captivity of Melkor ; Of Thingol and Melian ; Of Eldamar and the princess of the Eldalie ; Of Feanor and the unchaining of Melkor ; Of the Silmarils and the unrest of the Noldor ; Of the darkening of Valinor ; Of the flight of the Noldor ; Of the Sindar ; Of the Sun and Moon and the hiding of Valinor ; Of men ; Of the return of the Noldor ; Of Beleriand and its realms ; Of the Noldor in Beleriand ; Of Maeglin ; Of the coming of men into the west ; Of the ruin of Beleriand and the fall of Fingolfin ; Of Beren and Luthien ; Of the fifth battle : Nirnaeth Arnoediad ; Of Turin Turambar ; Of the ruin of Doriath ; Of Tuor and the fall of Gondolin ; Of the voyage of Earendil and the war of wrath -- Akallabeth -- Of the rings of power and the third age -- Tables -- Genealogies : House of Finwe ; Descendants of Olwe and Elwe ; House of Beor ; House of Hador and the people of Haleth -- Sundering of the elves.
520 ## - SUMMARY, ETC.
Summary, etc. A number-one New York Times bestseller when it was originally published, The Silmarillion is the core of J.R.R. Tolkien's imaginative writing, a work whose origins stretch back to a time long before The Hobbit. Tolkien considered The Silmarillion his most important work, and, though it was published last and posthumously, this great collection of tales and legends clearly sets the stage for all his other writing. The story of the creation of the world and of the First Age, this is the ancient drama to which the characters in The Lord of the Rings look back and in whose events some of them, such as Elrond and Galadriel, took part. The three Silmarils were jewels created by Feanor, most gifted of the Elves. Within them was imprisoned the Light of the Two Trees of Valinor before the Trees themselves were destroyed by Morgoth, the first Dark Lord. Thereafter, the unsullied Light of Valinor lived on only in the Silmarils, but they were seized by Morgoth and set in his crown, which was guarded in the impenetrable fortress of Angband in the north of Middle-earth. The Silmarillion is the history of the rebellion of Feanor and his kindred against the gods, their exile from Valinor and return to Middle-earth, and their war, hopeless despite all their heroism, against the great Enemy. This second edition features a letter written by J.R.R. Tolkien describing his intentions for the book, which serves as a brilliant exposition of his conception of the earlier Ages of Middle-earth.
600 10 - SUBJECT ADDED ENTRY--PERSONAL NAME
Personal name Baggins, Bilbo
Form subdivision Fiction.
650 #0 - SUBJECT ADDED ENTRY--TOPICAL TERM
Topical term or geographic name entry element Middle Earth (Imaginary place)
Form subdivision Fiction.
650 #0 - SUBJECT ADDED ENTRY--TOPICAL TERM
Topical term or geographic name entry element Fantasy fiction, English.
650 #0 - SUBJECT ADDED ENTRY--TOPICAL TERM
Topical term or geographic name entry element Elves
Form subdivision Fiction.
655 #0 - INDEX TERM--GENRE/FORM
Genre/form data or focus term Epic fiction.
655 #7 - INDEX TERM--GENRE/FORM
Genre/form data or focus term Epic fiction.
Source of term gsafd.
655 #7 - INDEX TERM--GENRE/FORM
Genre/form data or focus term Fantasy fiction.
Source of term lcgft.
700 1# - ADDED ENTRY--PERSONAL NAME
Personal name Tolkien, Christopher.
Relator term Editor
856 42 - ELECTRONIC LOCATION AND ACCESS
Materials specified Publisher description
Uniform Resource Identifier <a href="http://catdir.loc.gov/catdir/description/hm021/2001016971.html">http://catdir.loc.gov/catdir/description/hm021/2001016971.html</a>
856 42 - ELECTRONIC LOCATION AND ACCESS
Materials specified Contributor biographical information
Uniform Resource Identifier <a href="http://catdir.loc.gov/catdir/enhancements/fy0736/2001016971-b.html">http://catdir.loc.gov/catdir/enhancements/fy0736/2001016971-b.html</a>
901 ## - LOCAL DATA ELEMENT A, LDA (RLIN)
a wch
b CATBL
901 ## - LOCAL DATA ELEMENT A, LDA (RLIN)
a MARS
908 00 - PUT COMMAND PARAMETER (RLIN)
Put command parameter PR6039.O32
942 ## - ADDED ENTRY ELEMENTS (KOHA)
Source of classification or shelving scheme
Koha item type Books - Fiction
945 ## - LOCAL PROCESSING INFORMATION (OCLC)
a .b202987140
946 ## - LOCAL PROCESSING INFORMATION (OCLC)
a m
Holdings
Withdrawn status Lost status Source of classification or shelving scheme Damaged status Not for loan Collection code Permanent Location Current Location Shelving location Date acquired Total Checkouts Full call number Barcode Date last seen Date last checked out Price effective from Koha item type
          Fiction KH8 Senior School Library KH8 Senior School Library Fiction 2019-07-29 1 FIC TOL 3KHSL000101188 2024-07-22 2019-08-29 2019-07-29 Books - Fiction

Powered By KH8 IT Dept